Собрание сочинений. Т.6: [Амазонка (Запись № 13477660)

Подробности
000 -МАРКЕР
контрольное поле 00938nam2a22002051 4500
001 - ИДЕНТИФИКАТОР ЗАПИСИ
контрольное поле RU\NLR\A1SV\9839
005 - ИДЕНТИФИКАТОР ВЕРСИИ
контрольное поле 20251203152403.2
035 ## - ДРУГИЕ СИСТЕМНЫЕ НОМЕРА
Идентификатор записи (NLR Aleph) 009695328
100 ## - ДАННЫЕ ОБЩЕЙ ОБРАБОТКИ
Данные общей обработки 19990210d1927 u y0rusy50 ca
101 1# - ЯЗЫК РЕСУРСА
Язык текста, звукозаписи и т.д. русский
Язык оригинала испанский, кастильский испанский
200 1# - ЗАГЛАВИЕ И СВЕДЕНИЯ ОБ ОТВЕТСТВЕННОСТИ
Основное заглавие [Амазонка
Параллельное заглавие (Reina Calafia)
Сведения, относящиеся к заглавию Роман
Первые сведения об ответственности Пер. Р.Калменс]
210 ## - ПУБЛИКАЦИЯ, РАСПРОСТРАНЕНИЕ И ДР.
Дата издания, распространения и т.д. 1927
215 ## - ФИЗИЧЕСКАЯ ХАРАКТЕРИСТИКА
Специфическое обозначение материала и объем 261 с.
461 #1 - УРОВЕНЬ НАБОРА
Встроенное поле 001RU\NLR\A1SV\9834
-- 2000#$aСобрание сочинений$fВисенте Бласко Ибаньес$gС предисл. В.М.Фриче$vТ.6
-- 700#1$aБласко Ибаньес$bВ.$f1867-1928$gВисенте
Системный номер (АБИС) связанной записи 9756058
Автор Бласко Ибаньес, В. (1867-1928)
Место публикации М.
Дата публикации 1926-1928
Первые сведения об ответственности Висенте Бласко Ибаньес
Имя издателя, распространителя и т.д. "Соврем. проблемы" Н.А.Столляр
Заглавие Собрание сочинений
Номер тома Т.6
801 #0 - ИСТОЧНИК ЗАПИСИ
Страна Российская Федерация
Организация NLR
Дата составления 19990210
942 ## - ДОПОЛНИТЕЛЬНЫЕ ЭЛЕМЕНТЫ ЗАПИСИ (АБИС)
Тип экземпляра АБИС Книга
980 ## - КОЛЛЕКЦИЯ
Название коллекции Международный сводный каталог русской книги (1918-1926)
980 ## - КОЛЛЕКЦИЯ
Название коллекции Национальная библиография

Нет доступных экземпляров.